MARC

LEADER 00000nam0a2200000 4500
001 362401
005 20231102011503.0
035 |a (RuTPU)RU\TPU\retro\19747 
090 |a 362401 
100 |a 20210726d1980 km y0rusy50 ca 
101 0 |a rus 
102 |a RU 
105 |a a z 101zy 
200 1 |a Подготовка поверхности перед нанесением гальванических покрытий  |e материалы семинара  |f Общество "Знание" РСФСР ; Московский Дом научно-технической пропаганды ; под ред. А. Ф. Иванова 
210 |a Москва  |c Знание  |d 1980 
215 |a 122 с.  |c ил. 
320 |a Библиогр. в конце докл. 
606 1 |a Гальванические покрытия  |x Нанесение  |2 stltpush  |3 (RuTPU)RU\TPU\subj\5499  |9 33556 
606 1 |a Металлические изделия  |x Подготовка поверхности перед гальванизацией  |2 stltpush  |3 (RuTPU)RU\TPU\subj\42304  |9 61983 
610 1 |a механическая обработка 
610 1 |a моющие средства 
610 1 |a травление 
610 1 |a коррозия 
610 1 |a ингибиторы 
610 1 |a ультразвуковая очистка 
610 1 |a оборудование 
675 |a 621.357.74(063)  |v 4 
675 |a 621.357.5(063)  |v 4 
702 1 |a Иванов  |b А. Ф.  |4 340 
712 0 2 |a Общество "Знание" РСФСР  |c (Москва)  |c (1963-1991)  |2 stltpush  |3 (RuTPU)RU\TPU\col\7484  |9 24337 
712 0 2 |a Московский Дом научно-технической пропаганды  |2 stltpush  |3 (RuTPU)RU\TPU\col\7885  |9 24405 
712 1 2 |a Подготовка поверхности перед нанесением гальванических покрытий  |c семинар  |e Москва  |f 1980  |4 570 
801 1 |a RU  |b 63413507  |c 20210726 
942 |c BK